000 01192pam a2200325 a 4500
001 3978123
003 OSt
005 20140310182027.0
008 950424s1996 ilu b 001 0 eng
010 _a 95011060
020 _a0844258822 (student text)
020 _a0844258830 (instructor's ed.)
040 _aDLC
_cDLC
_dDLC
050 0 0 _aPE 1122
_b.Of34 1996
082 0 0 _aHS 082
_bBu 1995
100 _aLester, James D.
_99953
245 0 0 _aOf bunsen burners, bones, and belles lettres :
_bclassic essays across the curriculum /
_cJames D. Lester.
260 _aLincolnwood, Ill., USA :
_bNTC Pub. Group,
_cc1996.
300 _a229 p. ;
_c22 cm.
440 0 _aNTC's library of classic essays
_99954
504 _aIncludes bibliographical references and index.
650 0 _aCollege readers.
_91718
650 0 _aInterdisciplinary approach in education.
_92123
650 0 _aEssays.
_99955
700 1 _aLester, James D.,
_d1935--2006.
_99956
906 _a7
_bcbc
_corignew
_d1
_eocip
_f19
_gy-gencatlg
942 _2lcc
_cHS
999 _c8496
_d8496